Music Quiz

Random Music or Artist Quiz

The Big Music Crazy Quilt ▀▄▀▄▀▄▀ Quiz Stats

Quiz not verified by Sporcle

Challenge
Share
Tweet
Like a "blanket" quiz, each row contains a song title and artist name that together totals 6 words. The splits may be 5‑1, 4‑2, 3‑3, or 2‑4 between artist name and song title. You'll get some words filled in to start the game off. But the twist is that many of the words you fill in will be added to at least 2 rows. A word in the title of one line may appear on a different row in a different position. It may even appear as part of an artist name, instead of a title or vice versa. Words that populate two or more spaces are in the same color.
Score 0/198 Timer 12:00
2 Plays Today
Answer % Correct
Eminem
100%
America
100%
Elton
100%
Phil
100%
McCartney
100%
Jackson
100%
Doors
100%
Stones
100%
Horse
100%
Bennie
100%
Jovi
100%
Start
100%
Black
100%
Lonely
100%
Lie
100%
ABBA
100%
Earth
100%
Foster
100%
Whitney
100%
Aerosmith
100%
Katy
100%
Spears
100%
Dude
100%
Lace
100%
Money
100%
Hard
100%
Gaga
100%
Murphy
100%
Supply
100%
Revere
100%
Cure
100%
Romantics
100%
Swift
100%
You've
100%
Party
100%
Chance
100%
Pumped
100%
Edge
100%
Shining
100%
Home
100%
Without
100%
Friend
100%
Died
100%
House
100%
Sorry
100%
(TGIF)
100%
Sleep
100%
Sex
100%
Mellencamp
100%
Blaze
100%
Spice
100%
You'll
99.9%
The
96.5%
The
96.5%
The
96.5%
The
96.5%
the
96.5%
the
96.5%
The
96.5%
The
96.5%
the
96.5%
The
96.5%
the
96.5%
the
96.5%
The
96.5%
A
96.3%
Answer % Correct
A
96.3%
A
96.3%
A
96.3%
Lady
95.2%
Lady)
95.2%
Paul
95.1%
Paul
95.1%
John
94.8%
John
94.8%
You
94.4%
You
94.4%
You
94.4%
You
94.4%
Jon
94.3%
Me
94%
Me
94%
Me
94%
Me
94%
Perry
93.2%
I
93.1%
Girls
92.8%
Taylor
92.8%
Taylor
92.8%
Houston
92.4%
Rolling
92.2%
Bon
91.6%
Love
91.6%
Love
91.6%
Love
91.6%
Up
91.4%
Up
91.4%
of
91.4%
of
91.4%
of
91.4%
Britney
91.3%
Michael
91.3%
Michael
91.3%
on
91.2%
and
90.4%
and
90.4%
and
90.4%
and
90.3%
Got
90%
Got
90%
Got
90%
Take
89.6%
Take
89.6%
With
88.8%
With
88.8%
Night
88.5%
Night
88.5%
Night
88.5%
To
88.4%
To
88.4%
Like
87.5%
In
86.9%
In
86.9%
In
86.9%
In
86.9%
Collins
86.7%
(Looks
84.8%
Glory
84.6%
Glory
84.6%
Way
84.2%
Fire
83.9%
Fire
83.9%
Answer % Correct
No
83.3%
No
83.3%
Wind
83.2%
Be
82.4%
Tonight
82.2%
Tonight
82.2%
Tonight
82.2%
Air
82.1%
Air
82.1%
I'm
81.5%
I'm
81.5%
I'm
81.5%
Be
80.2%
Friday
79.9%
Friday
79.9%
Your
79.8%
Your
79.8%
Your
79.8%
Time
77.5%
Time
77.5%
Name
77.3%
George
77.1%
More
76.9%
More
76.9%
People
75.6%
Jets
75.5%
Jets
75.5%
Want
75.3%
One
75%
Down
74.4%
Down
74.4%
Baby
72.9%
Baby
72.9%
Say
72.5%
All
71.2%
All
71.2%
All
71.2%
It
71.1%
Say
70.6%
Eddie
70.3%
Eddie
70.3%
Kicks
69.8%
Kicks
69.8%
Cougar
68.4%
White
67.4%
Three
66.5%
3
66.5%
Belong
63.8%
Last
63.4%
Nights
62.5%
Star
61.5%
James
61.1%
Burning
57.4%
Talking
55.5%
Talking
55.5%
There
54.7%
Heads
53.7%
Out
52%
Dog
50.3%
Here
43.3%
There
42.4%
Chicago
39%
Chicago
39%
Raiders
35.3%
Paper
30.2%
Paper
30.2%

You're not logged in!

Compare scores with friends on all Sporcle quizzes.
Join for Free
OR
Log In

You Might Also Like...

Show Comments

Extras

Top Quizzes Today


Score Distribution

Your Account Isn't Verified!

In order to create a playlist on Sporcle, you need to verify the email address you used during registration. Go to your Sporcle Settings to finish the process.

Report this User

Report this user for behavior that violates our Community Guidelines.

Details: